| 000 | 00431pab a2200169 454500 | ||
|---|---|---|---|
| 008 | 180718b2001 xxu||||| |||| 00| 0 eng d | ||
| 100 | _aJones-Correa, Michael | ||
| 245 | _aPolitical participation: does religion matter? | ||
| 260 | _c2001 | ||
| 300 | _ap.751-70 | ||
| 362 | _aDec | ||
| 650 | _aReligion | ||
| 650 | _aPolitical participation | ||
| 700 | _aDavid, I | ||
| 773 | _aPolitical Research Quarterly | ||
| 909 | _a51484 | ||
| 999 |
_c51484 _d51484 |
||